| 000 | 00802nam a2200229Ii 4500 | ||
|---|---|---|---|
| 003 | JO-AjNU | ||
| 008 | 230605s9999||||xx |||||||||||||| ||und|| | ||
| 017 | _a9957-16-531-4 | ||
| 020 | _a9957-16-531-4 | ||
| 040 |
_aJO-AjNU _bara _erda _cJO-AjNU |
||
| 041 | _aara | ||
| 050 | 1 | 4 | _aK2205.4.S2864.2010 |
| 100 | 3 |
_a سوادي ، عبد الباقي محمود , _eauthor _912222 |
|
| 245 | 0 | 0 | _aمسؤولية المحامي المدنية عن أخطائه المهنية |
| 250 | _aط2 | ||
| 264 | 3 | 1 | _aعمان : دار الثقافة ، 2010 |
| 300 | _a361ص | ||
| 336 |
_atext _btxt _2rdacontent |
||
| 337 |
_aunmediated _bn _2rdamedia |
||
| 338 |
_avolume _bnc _2rdacarrier |
||
| 650 | 4 |
_aالإهمال -- المحامون -- أصول المحاكمات -- القانون المدني _912223 |
|
| 999 |
_aA2728 _c6296 _d6296 |
||